000 00334nam a2200121Ia 4500
008 170224s9999 xx 000 0 und d
245 _aNewsCAP: Nurse appointed to the National Cancer Moonshot Initiative panel.
260 _bAmerican Journal of Nursing
260 _c2016
300 _a116:7
500 _aJuly
650 _xNursing.
999 _c316946
_d316946